000 00663nam a2200181 i 4500
001 95277
003 ES-MaACL
005 20230906181654.0
007 t|
008 050525s1925 sp ||||1| spa d
100 1 _aLyon, Gaston.
_974946
245 1 0 _aManual de Clínica Semiológica
_b: (diagnostico, pronostico y tratamiento) /
_cGaston Lyon; traducción del Dr. Manuel Pubul Cubelles; prólogo del Dr. Fernando Rodríguez Fornos.
260 _aBarcelona :
_bGráfica Moderna,
_c1925.
300 _aVIII, 759 p. ;
_c20 cm.
700 1 _aPubul Cubelles, Manuel.
_994108
700 1 _aRodríguez Fornos, Fernando.
_998525
852 _aES-MaACL
_jA-5014
_bR.17052
999 _c95277
_d95277